| 000 | 01351nam0a2200325 4500 | ||
|---|---|---|---|
| 001 | RU\NLR\ONL1\17755 | ||
| 005 | 20250613123154.0 | ||
| 035 | _a(NLR Aleph) 009646493 | ||
| 090 |
_a9565147 _c9565147 |
||
| 100 | _a20110212d1932 |||y0rusy50 ca | ||
| 101 | 0 | _akom | |
| 102 | _aRU | ||
| 105 | _ay ||||||||| | ||
| 135 | _acrmn mmmanaba | ||
| 200 | 1 |
_aМый лоö санитарнöй минимум да кызi сийос нуöдны оломын _fС. А. Бахлутская |
|
| 210 |
_aСыктывкар _cКомигиз _d1932 |
||
| 215 |
_a23 с. _d15 |
||
| 325 | 1 | _aКопия доступна в электронной библиотеке РНБ | |
| 541 | 1 |
_aЧто такое санитарный минимум и как его проводить в личной жизни _zrus |
|
| 606 | 0 |
_aГигиена _91075230 _3RU\NLR\auth\66100778 |
|
| 686 | 1 | _aР11(2)5 | |
| 700 | 1 |
_aБахмутская _bС. А. _4070 |
|
| 801 | 0 |
_aRU _bNLR _c20110212 _gPSBO |
|
| 852 |
_aNLR _bОНЛ _jКоми-з./1-328 |
||
| 901 | _eКнижные издания: ОНЛ | ||
| 942 | _cBOOK | ||
| 980 | _aNB | ||
| 981 | 2 | 3 |
_a(23) Национальные литературы _b(23) Книги на национальных языках |